| 000 | 01434nam a2200313 i 4500 | ||
|---|---|---|---|
| 003 | EG-GICUC | ||
| 005 | 20260503154808.0 | ||
| 008 | 260503s1936 ua ||||f |||| 000 0 ara d | ||
| 040 |
_a EG-GICUC _bara _c EG-GICUC _d EG-GICUC _erda |
||
| 041 | _aara | ||
| 082 | 0 | 4 |
_221 _a345.456 _bا س . ض |
| 092 | 0 | 4 | _221 |
| 099 | _alaw1 09 345.456 ا س . ض 1936 | ||
| 100 | 0 |
_aاسماعيل زكي _eمؤلف. |
|
| 245 |
_aضمانات الموظفين في التعيين . الترقية . التأديب / _cتأليف اسماعيل زكي. |
||
| 264 |
_a[مكان النشر غير معروف] _b[اسم الناشر غير معروف] _c1936. |
||
| 300 |
_a235 صفحة، مختلف الترقيم ؛ _c24 سم _bإيضاحيات، صور، مثيليات ؛ |
||
| 336 |
_2rda content _atext |
||
| 337 |
_2rda media _aComputer |
||
| 338 |
_2rda carrier _aOnline Resource |
||
| 500 | _aرسالة للدكتوراه مقدمة إلى كلية الحقوق بالجامعة المصرية. | ||
| 504 | _aيشتمل علي ارجاعات ببليوجرافية | ||
| 546 | _aالنص أغلبه باللغة العربية بعض النصوص الإنجليزية والفرنسية | ||
| 650 | 1 |
_aاجراءات وضمانات تأديب العاملين المدنين بالدولة _2qrmak |
|
| 651 | 1 | _2qrmak | |
| 856 | 4 | 0 | _uhttps://fll.law.cu.edu.eg/fulltext/bks/B07-01799.pdf |
| 905 | _a62 | ||
| 942 |
_2ddc _n0 _cBK _e21 |
||
| 999 |
_c75245 _d75245 |
||